[Event "77. ljubljanska liga 2025"]
[Site "Gostovanja"]
[Date "2025.03.13"]
[Round "6.7"]
[White "Bandelj, Mirko"]
[Black "Gantar, Jan"]
[Result "0-1"]
[WhiteElo "1926"]
[BlackElo "2193"]
[PlyCount "76"]
[EventDate "2025.01.16"]
[WhiteTeam "SK DOL PRI LJUBLJANI"]
[BlackTeam "SK KOMENDA POPOTNIK"]

1. e4 Nf6 2. e5 Nd5 3. d4 d6 4. Nf3 dxe5 5. Nxe5 c6 6. Qf3 Nf6 7. c3 Nbd7 8.
Bc4 Nxe5 9. dxe5 Bg4 10. Qd3 Qxd3 11. Bxd3 O-O-O 12. Bc2 Nd7 13. Bf4 g5 14. Bg3
Bg7 15. f3 Be6 16. O-O Nxe5 17. Na3 Nc4 18. Nxc4 Bxc4 19. Rfd1 h6 20. Bf2 b6
21. Re1 e6 22. a4 Rd2 23. Be4 Rxb2 24. Bxc6 Rxf2 25. Kxf2 Bxc3 26. Rec1 Bxa1
27. Rxc4 Kd8 28. Rc1 Be5 29. g3 Ke7 30. Ke3 Bd6 31. Bb5 h5 32. Rc2 h4 33. g4
Bf4+ 34. Ke4 Rd8 35. Rf2 Rd1 36. Rf1 Rd2 37. h3 Kd6 38. Rc1 f5+ 0-1

[Event "77. ljubljanska liga 2025"]
[Site "Gostovanja"]
[Date "2025.03.13"]
[Round "6.7"]
[White "Zidar, Jernej"]
[Black "Azinovic, Igor"]
[Result "1-0"]
[WhiteElo "2091"]
[BlackElo "1810"]
[PlyCount "85"]
[EventDate "2025.01.16"]
[WhiteTeam "SK KOMENDA POPOTNIK"]
[BlackTeam "SK DOL PRI LJUBLJANI"]

1. d4 c5 2. d5 Nf6 3. c4 b5 4. cxb5 a6 5. b6 d6 6. Nc3 g6 7. Nf3 Bg7 8. a4 a5
9. e4 Nbd7 10. Be2 O-O 11. O-O Nxb6 12. h3 e6 13. dxe6 Bxe6 14. Bg5 h6 15. Bh4
g5 16. Bg3 d5 17. exd5 Nfxd5 18. Nxd5 Bxd5 19. Qc2 Qe7 20. Rfe1 Be4 21. Qb3 Qb7
22. Rad1 Rfd8 23. h4 Bd5 24. Qb5 g4 25. Ne5 h5 26. Bf1 Rac8 27. Qxa5 Ra8 28.
Qxc5 Nxa4 29. Qc2 Qxb2 30. Qf5 Be6 31. Qxh5 Rxd1 32. Rxd1 Nc3 33. Rd6 Ne4 34.
Rxe6 fxe6 35. Qf7+ Kh8 36. Qh5+ Kg8 37. Qf7+ Kh8 38. Qxe6 Nxg3 39. Nf7+ Kh7 40.
Bd3+ Kg8 41. Nh6+ Kh8 42. Qg8+ Rxg8 43. Nf7# 1-0

[Event "77. ljubljanska liga 2025"]
[Site "Gostovanja"]
[Date "2025.03.13"]
[Round "6.7"]
[White "Repe, Jure"]
[Black "Debeljak, Jaka"]
[Result "1-0"]
[WhiteElo "1749"]
[BlackElo "1848"]
[PlyCount "59"]
[EventDate "2025.01.16"]
[WhiteTeam "SK DOL PRI LJUBLJANI"]
[BlackTeam "SK KOMENDA POPOTNIK"]

1. e4 c6 2. d4 d5 3. f3 dxe4 4. fxe4 e5 5. Nf3 Bg4 6. c3 Nf6 7. Bc4 Bxf3 8.
Qxf3 Nbd7 9. O-O Qb6 10. Kh1 Bd6 11. Qg3 O-O-O 12. Nd2 Nh5 13. Qe3 f5 14. exf5
exd4 15. Qxd4 Bc5 16. Qh4 Ndf6 17. Nf3 Bd6 18. Ng5 Rhe8 19. Be6+ Kb8 20. Nf7
Bg3 21. hxg3 Rd3 22. Bf4+ Ka8 23. Ne5 g5 24. fxg6 Re3 25. Nc4 Qd8 26. Nxe3 Rxe6
27. Rad1 Qe8 28. Bc7 Nxg3+ 29. Bxg3 Nd7 30. g7 1-0

[Event "77. ljubljanska liga 2025"]
[Site "Gostovanja"]
[Date "2025.03.13"]
[Round "6.8"]
[White "Novakovic, Julian"]
[Black "Srebrnic, Vojko"]
[Result "0-1"]
[WhiteElo "1939"]
[BlackElo "2072"]
[PlyCount "68"]
[EventDate "2025.01.16"]
[WhiteTeam "ZELENCI LPP"]
[BlackTeam "SK LJUBLJANA - TAJFUN"]

1. Nf3 c5 2. g3 b6 3. Bg2 Bb7 4. O-O Nf6 5. d3 g6 6. e4 Bg7 7. h3 O-O 8. Nc3 d6
9. Be3 Nc6 10. Qd2 Qd7 11. Bh6 Ne8 12. Nh4 e5 13. Nd5 Nc7 14. g4 Nxd5 15. exd5
Ne7 16. c4 f5 17. Bxg7 Kxg7 18. Nf3 h6 19. g5 f4 20. Kh2 Nf5 21. Rg1 Rh8 22.
Rae1 Rae8 23. gxh6+ Rxh6 24. Ng5 Nd4 25. Rh1 Qd8 26. Ne4 Bc8 27. Kg1 Bf5 28. f3
Bxe4 29. dxe4 Reh8 30. Qf2 Rh5 31. Kf1 Rg5 32. Rd1 Rg3 33. Ke1 Qh4 34. Rd3 Rxg2
0-1

[Event "77. ljubljanska liga 2025"]
[Site "Gostovanja"]
[Date "2025.03.13"]
[Round "6.8"]
[White "Borstar, Dusan"]
[Black "Ribicic, Marko"]
[Result "1/2-1/2"]
[WhiteElo "1838"]
[BlackElo "1835"]
[PlyCount "20"]
[EventDate "2025.01.16"]
[WhiteTeam "SK LJUBLJANA - TAJFUN"]
[BlackTeam "ZELENCI LPP"]

1. e4 e5 2. Nf3 Nc6 3. d3 Nf6 4. Be2 Be7 5. O-O O-O 6. Nc3 d6 7. Bd2 Bd7 8. h3
h6 9. Re1 Kh8 10. Kh1 a6 1/2-1/2

[Event "77. ljubljanska liga 2025"]
[Site "Gostovanja"]
[Date "2025.03.13"]
[Round "6.8"]
[White "Novakovic, Gosto"]
[Black "Jaksa, Ema"]
[Result "1-0"]
[WhiteElo "1819"]
[BlackElo "1727"]
[PlyCount "69"]
[EventDate "2025.01.16"]
[WhiteTeam "ZELENCI LPP"]
[BlackTeam "SK LJUBLJANA - TAJFUN"]

1. e4 e5 2. f4 exf4 3. Nf3 Ne7 4. Bc4 Ng6 5. O-O Be7 6. Nc3 Nc6 7. d4 d6 8. Nd5
Be6 9. Nxe7 Bxc4 10. Nxc6 bxc6 11. Rf2 O-O 12. b3 Ba6 13. c4 d5 14. Qc2 Re8 15.
e5 f6 16. Bb2 dxc4 17. bxc4 c5 18. exf6 Qxf6 19. d5 Qb6 20. h4 h6 21. h5 Nf8
22. Ne5 Qd6 23. Qf5 Qf6 24. Rxf4 Qxf5 25. Rxf5 Rab8 26. Bc3 Bc8 27. Rf3 Nd7 28.
Nc6 Rb7 29. Rg3 g5 30. hxg6 Nb6 31. Rf1 Nxc4 32. Rf7 Rb1+ 33. Kh2 Ne3 34. Rxe3
Rxe3 35. Ne7+ 1-0

[Event "77. ljubljanska liga 2025"]
[Site "Gostovanja"]
[Date "2025.03.13"]
[Round "6.8"]
[White "Tomazin Kosorok, Tadej"]
[Black "Levacic, Matic"]
[Result "0-1"]
[WhiteElo "1642"]
[BlackElo "1666"]
[PlyCount "109"]
[EventDate "2025.01.16"]
[WhiteTeam "SK LJUBLJANA - TAJFUN"]
[BlackTeam "ZELENCI LPP"]

1. e4 e6 2. e5 d5 3. exd6 Bxd6 4. d4 Nf6 5. Bd3 O-O 6. Nf3 c5 7. dxc5 Bxc5 8.
O-O b6 9. Bg5 Bb7 10. Nc3 Nbd7 11. Qe2 Qc7 12. a3 Rfe8 13. Bb5 Ng4 14. Ne4 f5
15. Ng3 h6 16. Bf4 e5 17. Bxd7 Qxd7 18. Bxe5 Nxe5 19. Nxe5 Qd5 20. Qf3 Rxe5 21.
Qxd5+ Bxd5 22. Rad1 Rae8 23. b4 f4 24. bxc5 fxg3 25. hxg3 Bc4 26. f4 Rxc5 27.
Rfe1 Rxe1+ 28. Rxe1 Bd5 29. Re8+ Kf7 30. Rd8 Bc6 31. Rd2 Ba4 32. Rd4 Ra5 33.
Rc4 Bb5 34. Rc3 Ra4 35. Rb3 a6 36. Kf2 Rc4 37. c3 Re4 38. Kf3 Re6 39. Rb2 Ke8
40. g4 Kd7 41. f5 Re1 42. a4 Bc6+ 43. Kf2 Re4 44. Rxb6 Rxa4 45. Kg3 Ra3 46. Kh4
a5 47. Ra6 Kc7 48. Ra7+ Bb7 49. Kh5 Kb6 50. Rxb7+ Kxb7 51. Kg6 Rxc3 52. Kxg7
Rg3 53. Kxh6 Rxg4 54. f6 Rxg2 55. f7 0-1